Every Invincible Episode Title - Statistics

General Stats
  • This quiz has been taken 205 times
    68 since last reset
  • The average score is 9 of 33
Answer Stats
Hint Answer % Correct
Season 202: Special INVINCIBLE: ATOM EVE
68%
Season 1 WE NEED TO TALK
64%
Season 4 HURM
60%
Season 1 WHERE I REALLY COME FROM
58%
Season 3 I THOUGHT YOU'D NEVER SHUT UP
54%
Season 1 IT'S ABOUT TIME
52%
Season 2 I THOUGHT YOU WERE STRONGER
46%
Season 2 IN ABOUT 6 HOURS, I LOSE MY VIRGINITY TO A FISH
38%
Season 2 IT'S BEEN A WHILE
30%
Season 4 DON'T DO ANYTHING RASH
28%
Season 1 NEIL ARMSTRONG, EAT YOUR HEART OUT
28%
Season 3 WHAT HAVE I DONE?
26%
Season 1 YOU LOOK KINDA DEAD
24%
Season 1 THAT ACTUALLY HURT
22%
Season 4 YOU LOOK HORRIBLE
22%
Season 4 DON'T LEAVE ME HANGING HERE
20%
Season 4 I'LL GIVE YOU THE GRAND TOUR
20%
Season 4 MAKING THE WORLD A BETTER PLACE
20%
Season 3 A DEAL WITH THE DEVIL
18%
Season 2 A LESSON FOR YOUR NEXT LIFE
18%
Season 3 ALL I CAN SAY IS I'M SORRY
18%
Season 2 THIS MISSIVE, THIS MACHINATION!
18%
Season 4 GIVE US A MOMENT
16%
Season 1 HERE GOES NOTHING
16%
Season 2 IT'S NOT THAT SIMPLE
16%
Season 3 THIS WAS SUPPOSED TO BE EASY
16%
Season 1 WHO YOU CALLING UGLY?
16%
Season 2 I'M NOT GOING ANYWHERE
14%
Season 3 YOU'RE NOT LAUGHING NOW
14%
Season 3 YOU WERE MY HERO
14%
Season 2 THIS MUST COME AS A SHOCK
12%
Season 3 YOU WANT A REAL COSTUME, RIGHT?
12%
Season 4 I GOTTA GET SOME AIR
10%
No matching quizzes found
Score Distribution
Percent of People with Each Score
Percentile by Number Answered
Your Score History
You have not taken this quiz since the last reset